Report on mobile phones and health (Record no. 63443)

MARC details
000 -LEADER
fixed length control field 00843cam a2200205 4500
001 - CONTROL NUMBER
control field WB3618-13
008 - FIXED-LENGTH DATA ELEMENTS--GENERAL INFORMATION
fixed length control field 000000n2000 000 0 eng u
035 ## - SYSTEM CONTROL NUMBER
System control number (Sirsi) u105958
245 ## - TITLE STATEMENT
Title Report on mobile phones and health
260 ## - PUBLICATION, DISTRIBUTION, ETC.
Date of publication, distribution, etc. 2000
490 ## - SERIES STATEMENT
Series statement Independent Expert Group on Mobile Phones Press Release
Volume/sequential designation 11 May 2000 (4)
520 ## - SUMMARY, ETC.
Summary, etc. First report summary from the Independent Expert Group on Mobile Phones. Gives an outline of the Expert Group's conclusions on the health implications of mobile phones, base stations and transmitters. The full report is available from http://www.iegmp.org.uk/IEGMPp11.htm
590 ## - LOCAL NOTE (RLIN)
Local note WB
650 ## - SUBJECT ADDED ENTRY--TOPICAL TERM
Topical term or geographic name entry element MOBILE PHONE MASTS
650 ## - SUBJECT ADDED ENTRY--TOPICAL TERM
Topical term or geographic name entry element HEALTH EFFECTS
650 ## - SUBJECT ADDED ENTRY--TOPICAL TERM
Topical term or geographic name entry element BASE STATIONS
650 ## - SUBJECT ADDED ENTRY--TOPICAL TERM
Topical term or geographic name entry element INDEPENDENT EXPERT GROUP ON MOBILE PHONES
690 ## - LOCAL SUBJECT ADDED ENTRY--TOPICAL TERM (OCLC, RLIN)
Topical term or geographic name as entry element Health and safety
9 (RLIN) 6244
942 ## - ADDED ENTRY ELEMENTS (KOHA)
Suppress in OPAC 0
Holdings
Withdrawn status Lost status Source of classification or shelving scheme Damaged status Not for loan Home library Current library Shelving location Date acquired Total Checkouts Full call number Barcode Date last seen Copy number Price effective from Koha item type
    Dewey Decimal Classification     London London News article 11/05/2000   WB3618-13 105958-1001 06/08/2019 1 06/08/2019 News article